La Caja de Ahorros Provincial commemoró el XXV aniversario de su fundación
Colección:
San Jorge,
; núm. 5 (gener 1952), pàg 44
Materias:
Caixa de Catalunya -- Aniversaris, etc.
Idioma:
Español
MARC
| LEADER | 00000naa a2200000 a 4500 | ||
|---|---|---|---|
| 003 | Arxiu | ||
| 005 | 20260324181022.0 | ||
| 008 | 160829s1952 spc xx s spa c | ||
| 040 | |a agdb | ||
| 245 | 0 | 3 | |a La Caja de Ahorros Provincial commemoró el XXV aniversario de su fundación |
| 490 | |a San Jorge, |v núm. 5 (gener 1952), pàg 44 | ||
| 590 | |a Caixa de Catalunya va iniciar l'activitat amb el nom de Caja de Ahorros Provincial de la Diputación de Barcelona el 26 d'octubre de 1926. | ||
| 610 | 2 | 0 | |a Caixa de Catalunya |x Aniversaris, etc. |9 54855 |
| 773 | |g Núm. 5 (gener 1952), pàg 44 |t San Jorge. | ||
| 901 | |a Arxiu | ||
| 942 | |n 1 |2 udc |c ART | ||
| 952 | |0 0 |1 0 |4 0 |6 REV508 |7 1 |9 64608 |a Arxiu |b Arxiu |d 2022-12-02 |l 0 |o Rev-508 |r 2022-12-02 00:00:00 |w 2022-12-02 |y ARXIU |z També disponible a Rev-521 | ||
| 999 | |c 43359 |d 43359 | ||